| 000 | 00352nam a22001337a 4500 | ||
|---|---|---|---|
| 999 |
_c12804 _d12804 |
||
| 020 | _a9789332550490 | ||
| 082 | _a511.6 | ||
| 100 | _aMott Joe L, Kandel Abraham & Baker Thoedore P | ||
| 245 | _aDiscrete Mathematics for computer Scientists and Mathematicians | ||
| 250 | _a2nd | ||
| 260 |
_aIndia _bPearson _c2015 |
||
| 300 | _a751 pages | ||
| 942 | _cBK | ||